| 000 | 01368cam a2200385 a 4500 | ||
|---|---|---|---|
| 999 |
_c1165 _d1165 |
||
| 001 | 13784634 | ||
| 003 | GZU | ||
| 005 | 20200928155148.0 | ||
| 008 | 041117s2004 enk b 001 0 eng | ||
| 010 | _a 2004063556 | ||
| 020 | _a0821415697 (Ohio Univ. Press : cloth) | ||
| 020 | _a0821415700 (Ohio Univ. Press : pbk.) | ||
| 020 | _a0852558619 (J. Currey : cloth) | ||
| 020 | _a0852558600 (J. Currey : pbk.) | ||
| 040 |
_aDLC _cDLC _dDLC |
||
| 043 | _af------ | ||
| 050 | 0 | 0 |
_aGN645 _b.ETH 2004 |
| 245 | 0 | 0 |
_aEthnicity & democracy in Africa / _cedited by Bruce Berman, Dickson Eyoh & Will Kymlicka. |
| 246 | 3 | _aEthnicity and democracy in Africa | |
| 260 |
_aOxford : _bJ. Currey ; _aAthens : _bOhio University Press, _c2004. |
||
| 300 |
_axv, 336 p. ; _c25 cm. |
||
| 504 | _aIncludes bibliographical references and index. | ||
| 650 | 0 |
_aPolitical anthropology _zAfrica. |
|
| 650 | 0 |
_aEthnicity _xPolitical aspects _zAfrica. |
|
| 650 | 0 |
_aDemocracy _zAfrica. |
|
| 650 | 0 |
_aMulticulturalism _zAfrica. |
|
| 651 | 0 |
_aAfrica _xEthnic relations. |
|
| 651 | 0 |
_aAfrica _xPolitics and government. |
|
| 651 | 0 |
_aAfrica _xSocial life and customs. |
|
| 700 | 1 |
_aBerman, Bruce, _d1942- _eeditor |
|
| 700 | 1 |
_aEyoh, Dickson, _d1954- _eeditor |
|
| 700 | 1 |
_aKymlicka, Will. _eeditor |
|
| 906 |
_a7 _bcbc _corignew _d1 _eocip _f20 _gy-gencatlg |
||
| 942 |
_2lcc _cBK _h645 _iETH _kGN |
||